| 000 | 02341nam a2200217Ia 4500 | ||
|---|---|---|---|
| 999 |
_c32903 _d32903 |
||
| 003 | OSt | ||
| 005 | 20210607131440.0 | ||
| 008 | 160316s2011 xxu||||| |||| 00| 0 eng d | ||
| 020 | _a9781848607842 | ||
| 040 | _cn | ||
| 082 |
_a320.011000 _bGRI-I |
||
| 100 | _aGripsrud Jostein | ||
| 245 | _aThe public sphere Vol. II : The political public sphere | ||
| 260 |
_aLondon _bSage Publications _c2011 |
||
| 300 |
_a366p _cv |
||
| 365 | _bRs. 56,914 | ||
| 505 | _aContent; VOLUME 2: THE POLITICAL PUBLIC SPHERE; Part 1: The Public Sphere and Deliberative Democracy; On Legitimacy and Political Deliberation - Bernard Manin; Deliberation and Democratic Legitimacy - Joshua Cohen; Civil Society, Public Opinion, and Communicative Power - J rgen Habermas; Three Normative Models of Democracy - J rgen Habermas; The Sense of Reciprocity - Amy Gutmann and Dennis Thompson; The Idea of Public Reason Revisited - John Rawls; Deliberative Democracy or Agonistic Pluralism? - Chantal Mouffe; Is the Ideal of a Deliberative Democracy Coherent? - Cristina Lafont; Part 2: The Political Public Sphere at Work: Public Opinion; The Nature of Personal Influence - Paul Lazarsfeld, Bernard Berelson and Hazel Gaudet; Democratic Theory and Public Opinion - Bernard Berelson; Opinion Research and Publicness - Theodor W. Adorno; The Agenda-Setting Function of Mass Media - Maxwell E. McCombs and Donald L. Shaw; The Spiral of Silence: A Theory of Public Opinion - Elisabeth Noelle-Neumann; Public Opinion Does Not Exist - Pierre Bourdieu; Part 3: The Political Public Sphere at Work: Deliberation; Against Deliberation - Lynn M. Sanders; Deliberation as Discussion - James D. Fearon; Good Citizens and Bad History: Today's Political Ideals in Historical Perspective - Michael Schudson; Measuring Publicity's Effect: Reconciling Empirical Research and Normative Theory - Simone Chambers; Political Communication in Media Society: Does Democracy Still Enjoy an Epistemic Dimension? The Impact of Normative Theory on Empirical Research - J rgen Habermas; The Surprising Failures of Deliberating Groups - Cass R. Sunstein; Disaggregating Deliberation's Effects: An Experiment within a Deliberative Poll - Cynthia Farrar et al | ||
| 650 | _a1. Public Interest2. Common Good3. Political Participation | ||
| 700 |
_a _a |
||
| 942 |
_2ddc _cBK |
||